Asian Countries Ranked by Size - Statistics

General Stats
  • This quiz has been taken 80 times
    51 since last reset
  • The average score is 36 of 48
Answers on the Map
Answers color-coded by a green-red scale on the quiz's map according to % correct below.
 
Answer Stats
Rank Letter Answer % Correct
1 C China
100%
2 I India
97%
3 K Kazakhstan
94%
5 I Indonesia
91%
6 M Mongolia
91%
8 P Pakistan
91%
4 S Saudi Arabia
91%
9 T Turkey
91%
11 A Afghanistan
89%
7 I Iran
89%
17 J Japan
89%
10 M Myanmar
89%
22 L Laos
86%
20 O Oman
86%
21 P Philippines
86%
13 T Thailand
86%
14 T Turkmenistan
86%
15 U Uzbekistan
86%
16 I Iraq
83%
19 M Malaysia
83%
18 V Vietnam
83%
12 Y Yemen
83%
24 S Syria
80%
26 B Bangladesh
77%
25 C Cambodia
77%
23 K Kyrgyzstan
77%
27 N Nepal
77%
29 N North Korea
74%
30 S South Korea
74%
31 J Jordan
71%
28 T Tajikistan
71%
33 A Azerbaijan
69%
34 G Georgia
69%
32 U United Arab Emirates
69%
36 B Bhutan
66%
35 S Sri Lanka
66%
38 A Armenia
63%
39 I Israel
63%
40 K Kuwait
63%
37 T Taiwan
60%
46 B Bahrain
57%
47 S Singapore
57%
45 B Brunei
54%
44 C Cyprus
54%
42 Q Qatar
54%
43 L Lebanon
51%
41 E East Timor
49%
48 M Maldives
49%
No matching quizzes found
Score Distribution
Percent of People with Each Score
Percentile by Number Answered
Your Score History
You have not taken this quiz since the last reset